Premier League Player of the Month Winners Quiz Stats

 Plays Quiz not verified by Sporcle

Challenge
Share
Tweet
Embed
Score 0/33 Timer 10:00
0 Plays Today
Nationality Player % Correct
PortugueseCristiano Ronaldo
96.4%
IrishRobbie Keane
94.2%
IrishRoy Keane
94.2%
FrenchThierry Henry
93.5%
BulgarianDimitar Berbatov
92.8%
WelshRyan Giggs
92%
TrinidadianDwight Yorke
89.9%
EnglishFrank Lampard
89.1%
EnglishWayne Rooney
88.4%
EnglishSteven Gerrard
86.2%
DutchDennis Bergkamp
84.1%
EnglishPaul Scholes
84.1%
EnglishAlan Shearer
78.3%
DutchRuud Van Nistelrooy
71%
SpanishCesc Fabregas
71%
SpanishFernando Torres
70.3%
DutchRobin Van Persie
59.4%
Nationality Player % Correct
ItalianGianfranco Zola
59.4%
EnglishTeddy Sheringham
57.2%
EnglishRobbie Fowler
50.7%
FrenchNicolas Anelka
47.1%
FrenchDavid Ginola
34.8%
GhanaianTony Yeboah
30.4%
EnglishAshley Young
26.1%
EnglishAndy Johnson
26.1%
EnglishMatt Le Tissier
26.1%
EnglishChris Sutton
26.1%
EnglishDion Dublin
13.8%
EnglishDanny Murphy
11.6%
NigerianPeter Odemwingie
8.7%
EnglishJames Beattie
7.2%
EnglishRob Lee
5.8%
EnglishTim Flowers
5.1%

You're not logged in!

Compare scores with friends on all Sporcle quizzes.
Join for Free
OR
Log In

You Might Also Like...

Show Comments

Extras

Top Quizzes Today


Score Distribution

Your Account Isn't Verified!

In order to create a playlist on Sporcle, you need to verify the email address you used during registration. Go to your Sporcle Settings to finish the process.

Report this User

Report this user for behavior that violates our Community Guidelines.

Details: